Beinamen des pommerschen Adels

Titel: Beinamen des pommerschen Adels
Verfasser:
In: Onomastica Slavogermanica, Band 13 (1981), Seite 115-129
alle Artikel anzeigen
Veröffentlicht: 1981
Format: Aufsatz
Sprache: Deutsch
Kein Bild verfügbar
X
alg: 39190911
001A    $01999:11-11-16 
001B    $01999:16-05-21 $t20:17:12.000 
001C    $06050:19-11-16 $t08:51:21.000 
001D    $01999:11-11-16 
001U    $0utf8 
001X    $00 
002@    $0Aox 
003@    $0391909118 
007A    $0391909118 $aHEB 
007T    $0Herd19079 
010@    $ager 
011@    $a1981 
021A    $aBeinamen des pommerschen Adels 
028A    $712871252X $8Breza, Edward$Z1932-2017 [Tp1] $9118736183 
031A    $d13 $h115-129 $j1981 
039B    $aIn $8--Abvc--. Onomastica Slavogermanica. - Stuttgart ; Leipzig : Hirzel, 1965-. - ISSN 0474-1471 $x198100000130000885 $9047296038 
045F    $a417.7094382 $eDDC23BSB 
045F/01 $a417.7 
045F/03 $g4382 
045F/03 $g43832 
045F/03 $g43816 
045T    $a7,11 $a7,39 
045T    $aLING $qDE-30 $2FID 
045T    $aGER $qDE-30 $2FID 

lok: 39190911 78

exp: 39190911 78 1 #EPN
201B/01 $019-04-17 $t10:53:25.000 
201U/01 $0utf8 
203@/01 $0788004816 
208@/01 $a11-11-16 $be 
209A/01 $a/ $f000 $x00 
220C/01 $aTitelaufnehmer: kl 
244Z/01 $2Trx $#Prusy Wschodnie i Zachodnie $8--Trx--Ost- und Westpreußen $x01 $939113373X 
244Z/01 $2Trx $#Pomeranija $#Pommern $#Pomoransko $#Pomořansko $#Hinterpommern;Vorpommern;Mittelpommern $#Pomorze Środkowe;Pomorze Przednie $#Pomořansko;Západní Pomořany; Pomořany $8--Trx--Pomorze Zachodnie $x02 $9391303775 
244Z/01 $2Trx $#nimeteadus isikud $#onomastika asmenvardžiai $#onomatology personal names $#névtan személyek $#onomastyka, osoby $#onomastika osoby $#onomastika jména osob $#Anthroponomastik $#antroponomastyka $#antroponomastika $8--Trx--Namenkunde$gPersonen $x03 $9391382993 
244Z/01 $2Trx $#aadel Pommeri $#Vakarų Pomeranijos bajorai $#gentry Pommerania $#nemesség Pomeránia $#szlachta Pomorze Zachodnie $#šľachta Pomoransko $#šlechta Pomořany $8--Trx--Adel$gPommern $x04 $9391356712 
244Z/01 $2Trx $8--Trx--Zeitschriftenaufsatz $x05 $9391384341 
245Z/01 $a11.07 $x01 
247C/01 $82080>Marburg/Lahn, Herder-Institut, Forschungsbibliothek, Bibliographieportal $9336309341
LEADER 00000caa a22000002c 4500
001 391909118
003 DE-603
005 20210516201712.0
007 tu
008 161111s1981 xx |||| | u00||u|ger c
035 |a (DE-599)HEB391909118 
040 |a DE-603  |b ger  |c DE-603  |d DE-603 
041 |a ger 
082 0 4 |8 1\u  |a 417.7094382  |q DE-101  |2 23/BSB 
084 |a 7,11  |a 7,39  |2 ssgn 
084 |a LING  |q DE-30  |2 fid 
084 |a GER  |q DE-30  |2 fid 
085 |8 1\u  |b 417.7 
085 |8 1\u  |z 2  |s 4382 
085 |8 1\u  |z 2  |s 43832 
085 |8 1\u  |z 2  |s 43816 
100 1 |a Breza, Edward  |d 1932-2017  |0 (DE-603)118736183  |0 (DE-588)12871252X  |2 gnd 
245 0 0 |a Beinamen des pommerschen Adels 
264 0 |c 1981 
773 0 8 |i In  |t Onomastica Slavogermanica  |d Stuttgart ; Leipzig : Hirzel, 1965-  |h 24 cm  |x 0474-1471  |g Band 13 (1981), Seite 115-129  |w (DE-603)047296038  |w (DE-600)207370-5 
924 0 |9 2080  |a (DE-603)788004816  |b DE-2080  |c HES  |d d  |g /